Sequential Pokémon that Start with the Same Letter - Hoenn - Statistics

General Stats
  • This quiz has been taken 97 times
  • The average score is 23 of 30
Answer Stats
Letter Pokédex Number Pokémon % Correct
M 8 Marshtomp
97%
M 7 Mudkip
97%
L 196 Latias
91%
L 197 Latios
91%
L 20 Lombre
91%
L 19 Lotad
91%
L 21 Ludicolo
91%
R 194 Regice
84%
R 193 Regirock
84%
R 195 Registeel
84%
W 99 Wailmer
80%
W 100 Wailord
80%
M 192 Metagross
77%
M 191 Metang
77%
A 135 Anorith
75%
A 136 Armaldo
75%
N 42 Nincada
74%
N 43 Ninjask
74%
D 149 Dusclops
71%
D 148 Duskull
71%
C 120 Cacturne
70%
S 189 Salamence
70%
S 188 Shelgon
70%
C 119 Cacnea
68%
C 130 Crawdaunt
68%
C 129 Corphish
65%
S 174 Sealeo
62%
S 173 Spheal
62%
M 77 Medicham
58%
M 76 Meditite
57%
No matching quizzes found
Score Distribution
Percent of People with Each Score
Percentile by Number Answered
Your Score History
You have not taken this quiz